02233nam a22002657a 4500003000400000005001700004008004100021022001400062040001700076041001200093100002600105245013700131260004000268300001900308362005700327520127900384630003101663650002601694650002701720650003301747650002201780650003601802700002701838856010201865OSt20260515120539.0251023b |||||||| |||| 00| 0 eng d a0275-6668 aEnglishctbs aEnglish aPereda, Asiereauthor aHow to win friends and influence the right peopleb: designing the corporate government affairs unitc/ Asier Pereda, Andrew Barron. bJournal of Business Strategy,c2020 a27–37 pages. aJournal of Business Strategy (2020) 41 (5): 27–37. aThis study aims to explore how firms can design their government affairs (GAs) units in ways that improve their ability to monitor and influence legislative developments in their firms’ corporate political environments. This conceptual work is informed by existing research into organizational design, brought to life with illustrative examples of firms’ political actions derived from interviews conducted with practitioners in the field. In line with organizational design thinking, the authors find that high-performing GA units need to be designed and built using a blend of mutually reinforcing organizational mechanisms. GA units should be staffed by autonomous managers with mixed skills-sets. Moreover, they should not be constrained by formal rules, but instead given autonomy and support to create lateral relations with other business units. This study provides a “recipe” that managers can follow to create opportunities for the exchange of political information within their firms and enable and motivate GAs practitioners to monitor and influence political developments more effectively. This research exposes important, organizational antecedents of firms’ political strategies, which have not been systematically explored in the existing literature 0aMSc International Business 0aOrganizational design 0aEnvironmental scanning 0aCorporate political activity 0aBoundary spanning 0aInformation-processing capacity aBarron, Andreweauthor uhttps://www-emerald-com.hub.tbs-education.fr/jbs/article-pdf/41/5/27/1350050/jbs-09-2019-0174.pdf